000 00765nam a2200253Ia 4500
003 OSt
005 20221005125232.0
006 a|||||r|||| 00| 0
007 ta
008 221004b |||||||| |||| 00| 0 eng d
024 _a65441
037 _cTextual
040 _aCRL
_cCRL
_beng
041 _2eng
_aeng
082 _aV465:1:N6z7, K8
110 _aSeminar of Arab Jurists on Palestine (Algiers) (1967).
_9636367
245 0 _aPalestine question tr from French by Edward Rizk
260 _c1968
490 _aInstitute for palestine studies, monograph series; 18
650 _aHISTORY
700 _aSeminar of Arab Jurists on Palestine (Algiers) (1967).
_9636368
942 _hV465:1:N6z7, K8
_cTEXL
_2cc
999 _c1053369
_d1053369